00769nam a2200217Ia 4500003000900000008004100009020001800050040001600068080001800084100002100102245014000123260003400263300001600297490004700313650002200360650002200382650002800404942000700432999001700439952009500456IN-BaIIA211028s9999 xx 000 0 eng d a1-85233-465-7 cIIA Library a524.3-54bLNG aInglis, M927876 0aObserver's guide to stellar evolutionbthe birth, life and death of starscM. Inglis  aLondonbSpringer-Verlagc2003 axvii, 233p. aPatrick Moore's Practical Astronomy Series aStar Birth926358 aStar death926359 aStars- Evolution910853 cBK c15634d15634 00104070aBANbLEHcGENd2004-03-17l0o524.3-54/ LNGp16556r2021-11-05w2004-03-17yBK